[Event "Haifa"]
[Site "Haifa"]
[Date "1996.??.??"]
[Round "7"]
[White "Psakhis, Lev"]
[Black "Alterman, Boris"]
[Result "1/2-1/2"]
[WhiteElo "2610"]
[BlackElo "2585"]
[Annotator "Alterman,B"]
[PlyCount "57"]
[EventDate "1996.06.??"]
[EventType "tourn"]
[EventRounds "7"]
[EventCountry "ISR"]
[EventCategory "14"]
[SourceTitle "CBM 054"]
[Source "ChessBase"]
[SourceDate "1996.10.01"]
[SourceVersion "1"]
[SourceVersionDate "1996.10.01"]
[SourceQuality "1"]

1. c4 e5 2. Nc3 Nf6 3. Nf3 Nc6 4. a3 g6 5. g3 Bg7 6. Bg2 O-O 7. O-O d6 8. d3
Bg4 $6 {N} (8... h6 9. Bd2 Nd4 (9... Be6 10. Ne1 d5 11. cxd5 Nxd5 12. Nxd5 Bxd5
13. Bc3 Re8 14. b4 Qd7 15. Qb1 Nd4 16. Bxd4 exd4 17. Bxd5 Qxd5 18. Ng2 Be5 19.
Qc1 Kg7 20. Rb1 Bd6 21. Qb2 Kg8 22. Qd2 h5 23. e4 dxe3 24. fxe3 a5 25. d4 axb4
26. axb4 Ra2 27. Rb2 Rea8 28. Rf2 Rxb2 29. Qxb2 Ra4 30. Nf4 Qe4 31. Qc2 Ra1+ {
Ireneusz,L-Tukmakov,V/Genève/1995/0:1/}) 10. Nxd4 exd4 11. Nd5 $10) (8... Nd4
9. Nd2 (9. Nxd4 exd4 10. Nd5 Ng4 11. b4 c6 $10) 9... c6 10. b4 Be6 {N} (10...
h5 11. h3 $5 {/\} h4 12. g4) 11. Bb2 Qd7 12. e3 (12. Nde4 Nxe4 13. Nxe4 Bg4)
12... Nf5 13. Nde4 Nxe4 14. dxe4 $2 (14. Nxe4 $10) 14... Ne7 15. Qe2 Nc8 $1 $17
{><c4} 16. Rfd1 Rd8 17. Na4 (17. Rd2 Nb6 18. c5 Nc4 19. Rd3 Qe7 $17) 17... Qe8
18. Rd2 a6 (18... b5 $2 19. cxb5 cxb5 20. Nc3 Bc4 21. Qd1 $10) 19. Bc3 (19. c5
Bb3 20. Nb6 Nxb6 21. cxb6 a5 $17) 19... b5 20. Nb2 Nb6 21. cxb5 axb5 22. Qd1 d5
23. a4 (23. exd5 Nxd5 $1 24. Qc2 Nxc3 25. Qxc3 e4 26. Qc2 Rxd2 27. Qxd2 f5 $17)
23... Nc4 $1 (23... bxa4 24. Nxa4 Nc4 25. Rd3 dxe4 26. Bxe4 f5 $15) 24. Nxc4
dxc4 25. a5 Bf8 26. a6 f6 27. f4 c5 28. Rxd8 Qxd8 29. Qe1 Qb6 30. fxe5 fxe5 31.
Bxe5 Rxa6 32. Rd1 Bg4 $6 33. Rb1 Qe6 34. Bc3 Ra2 $1 35. bxc5 Bxc5 36. Bd4 Rxg2+
$1 37. Kxg2 Qxe4+ 38. Kg1 {Morovic Fernandez,I-Karpov,An/Dos Hermanas/1994/0,5/
}) (8... a6 9. Rb1 Rb8 10. b4 b5 $5) 9. h3 Bd7 (9... Be6 10. Ng5 Bd7) 10. e4 $1
a6 (10... Ne8 11. Nd5 f5 12. exf5 gxf5 13. Bg5 Nf6 14. Nh4 $14) 11. Bg5 $146 (
11. Be3 $1 {/\ d4} Rb8 12. b4 (12. d4 $6 exd4 13. Nxd4 Nxd4 14. Bxd4 Be6 15.
Qd3 b5 $132) (12. Rc1 $5 Ne8 (12... b5 13. b4 {/\ c5}) 13. d4 (13. b4 Nd4)
13... exd4 14. Nxd4 Ne5 15. Qe2 $1 (15. b3 c5 16. Nde2 b5 $13) 15... c5 16. Nf3
Nxf3+ 17. Qxf3 Be6 (17... b5 18. cxb5 axb5 19. b4 $5 $14) 18. Rfd1 Qe7 (18...
Bxc4 19. Bxc5) 19. Bf1 Nc7 20. b4 b6 21. Bf4 Rfd8 (21... Be5 22. Bxe5 dxe5 23.
Nd5 $16) 22. Qe3 $1 Bf6 23. e5 $1 $16 (23. bxc5 $5 bxc5 24. e5 $1) 23... dxe5
24. Bxe5 cxb4 25. axb4 Bxe5 26. Qxe5 f6 27. Qf4 Bf7 28. Ne4 Kg7 (28... Ne8 29.
c5 $16) 29. Nxf6 $1 Qxf6 (29... Ne6 30. Nd5 Rxd5 31. Qxb8 $18) 30. Qxc7 Rdc8
31. Qa7 Ra8 32. Qd7 Rd8 33. Qa4 a5 $1 34. Bg2 Rxd1+ 35. Rxd1 Rc8 36. c5 $6 axb4
37. c6 b3 38. Qb5 {Chernin,A-Lutz,Ch/Altensteig/1991/1-0/55/}) 12... b5 13. c5
$14) 11... h6 12. Be3 Nh7 $1 13. Nd5 (13. d4 Ng5 $1 14. Nxg5 exd4 $15) 13...
Nd4 14. Nxd4 exd4 15. Bd2 c6 16. Nf4 $1 (16. Nb4 f5 $5 $15 (16... a5 17. Nc2 a4
)) 16... Re8 (16... b5 17. c5 $1 dxc5 18. Qc2 Qe7 19. Rac1 c4 20. dxc4 $16) 17.
Qc2 Nf6 $5 18. Rfe1 (18. c5 g5 (18... dxc5 19. Qxc5 b6 20. Qc2 c5 $13) 19. Ne2
d5 20. e5 Rxe5 21. Nxd4) 18... a5 19. b4 $6 (19. a4 Bc8 {/\ Nd7-c5} 20. Rec1
Nd7 (20... g5 21. Ne2 d5 22. cxd5 cxd5 (22... Nxd5 23. exd5 Rxe2 24. dxc6 $16)
23. e5 Rxe5 24. Nxd4 Bd7 $14) 21. b4 axb4 22. Bxb4 Nc5 23. a5 $14) 19... axb4
20. axb4 Rxa1 21. Rxa1 g5 22. Ne2 d5 $1 (22... Nxe4 23. Bxe4 Rxe4 24. dxe4 d3
25. Qxd3 Bxa1 26. Qxd6 $16) 23. cxd5 cxd5 24. e5 Rxe5 25. Nxd4 Re8 $1 26. Re1 (
26. Rb1 Qc8 27. Qxc8 Rxc8 $10) 26... Rxe1+ 27. Bxe1 Qb6 28. Nf3 (28. Bc3 Ne4 (
28... Ng4 29. Qb2 Ne5 $10) 29. dxe4 Bxd4 30. Bxd4 Qxd4 31. exd5 Qxb4 32. Qc7
Qb5 33. d6 b6 $10) 28... Ne8 29. Bd2 1/2-1/2

[Event "Belgrade GMA op"]
[Site "Belgrade"]
[Date "1988.??.??"]
[Round "?"]
[White "Akopian, Vladimir Eduardovic"]
[Black "Anand, Viswanathan"]
[Result "1/2-1/2"]
[WhiteElo "2455"]
[BlackElo "2555"]
[Annotator "Anand,V"]
[PlyCount "90"]
[EventDate "1988.12.??"]
[EventType "swiss"]
[EventRounds "9"]
[EventCountry "YUG"]
[SourceTitle "TD"]
[Source "ChessBase"]
[SourceDate "1994.03.01"]
[SourceVersion "1"]
[SourceVersionDate "1994.03.01"]
[SourceQuality "1"]

1. c4 e5 2. Nc3 d6 3. g3 g6 4. Bg2 Bg7 5. Nf3 f5 6. d3 Nc6 7. O-O Nf6 8. Rb1 a5
9. a3 O-O 10. b4 axb4 11. axb4 h6 12. b5 Ne7 13. c5 Be6 14. Bd2 (14. b6) 14...
Nd7 $6 (14... b6 $1 15. cxb6 cxb6 $10) 15. cxd6 cxd6 16. Na4 $1 b6 17. Bb4 Nc5
18. Bxc5 dxc5 (18... bxc5 19. Nd2 $16) 19. Qc2 $1 (19. Nd2 $2 e4 $1 20. Qc2 Nd5
21. Nc4 Nb4 22. Qb3 Ra5 $1 $17) 19... Ra7 (19... Nd5 $5 20. Nh4 $1 Kh7 21. e4
$1 Nb4 22. Rxb4 cxb4 23. exf5 Rc8 24. fxg6+ Kg8 25. Bc6 b3 $1 $13) 20. Nd2 Nd5
21. Bxd5 $1 $8 Bxd5 22. Nc4 Rb7 $6 23. Rbc1 (23. Rfc1 $5 e4 $1 24. Ncxb6 Rxb6
25. Nxb6 Qxb6 26. Qxc5 Qe6 27. b6 exd3 28. exd3 Bb7 $14) 23... f4 (23... e4 $5
24. Naxb6 Rxb6 25. Nxb6 Qxb6 26. dxe4 $1 (26. Qxc5 Qe6 27. Rfd1 $1 (27. b6 $2
f4 $1 $40) 27... Bb2 $1 28. Rb1 Rc8 $1 29. Qb4 (29. Qa7 exd3 $1 30. Rxb2 dxe2
$40) 29... Bc3 $132) 26... Bxe4 27. Qxc5 Rb8 28. Qxb6 Rxb6 $14) 24. Naxb6 Rxb6
25. Nxb6 Qxb6 26. Qxc5 Qe6 27. e4 (27. f3 fxg3 (27... Rb8 $1) 28. hxg3 Rb8 29.
e4 $16) 27... Bb3 $1 28. f3 (28. Kh1 $1 Qh3 29. Rg1 $14) 28... fxg3 29. hxg3
Qh3 30. Qf2 Rb8 $1 31. Rc6 (31. b6 Rxb6 $1 $10) 31... Rxb5 32. Rxg6 Bf7 (32...
Be6 $2 33. f4 $1 $16 Bf7 34. Rxg7+ Kxg7 35. fxe5) 33. Rg4 h5 34. Rg5 Ra5 $10
35. Qb6 $1 Ra2 36. Qb8+ Kh7 37. Rxg7+ Kxg7 38. Qxe5+ Kg6 $1 39. Rf2 Rxf2 40.
Qd6+ (40. Kxf2 Qh2+ 41. Ke3 Qg1+ $10) 40... Kh7 41. Kxf2 Qh2+ 42. Ke3 h4 $1 43.
Qe7 Qg1+ 44. Ke2 (44. Kd2 Qf2+ 45. Kc3 $2 Qxg3 $1 $17) 44... Qg2+ 45. Ke3 Qg1+
1/2-1/2

[Event "Interzonal-16"]
[Site "Biel"]
[Date "1993.??.??"]
[Round "12"]
[White "Kortschnoj, Viktor Lvovich"]
[Black "Anand, Viswanathan"]
[Result "0-1"]
[WhiteElo "2625"]
[BlackElo "2725"]
[Annotator "Anand,V"]
[PlyCount "114"]
[EventDate "1993.07.16"]
[EventType "swiss"]
[EventRounds "13"]
[EventCountry "SUI"]
[SourceTitle "CBM 037"]
[Source "ChessBase"]
[SourceDate "1993.12.01"]
[SourceVersion "1"]
[SourceVersionDate "1993.12.01"]
[SourceQuality "1"]

1. c4 {Ribli} e5 2. g3 Nc6 3. Bg2 g6 4. Nc3 Bg7 5. Rb1 a5 6. d3 f5 7. a3 Nf6 8.
Nf3 (8. e3 $5 {Ribli Sokolovs,A-Novikov,V/Vilnius zt/1993/CBM35/}) 8... d6 (
8... h6) (8... h6 $5 {Ribli}) 9. Bg5 (9. O-O $5 {Ribli Hickl,J-Klovans,J/
Berlin/1992/INF55(30)/}) 9... h6 10. Bxf6 Bxf6 11. Nd2 $5 (11. Nd5) (11. O-O {
Ribli} O-O 12. Nd5 $5 {Ragozin,E-Cherniaev,A/Biel op/1992/EXP31/}) 11... O-O
12. O-O Bg7 $6 (12... Nd4 $1 {/\ Ne6}) 13. e3 $1 $14 (13. Nd5 $5 {Ribli}) 13...
Kh7 14. b4 axb4 15. axb4 e4 $2 (15... Ne7 $14) 16. b5 $1 Na5 $6 (16... Bxc3 17.
bxc6 bxc6 18. dxe4 $16 (18. dxe4 {Ribli} Ra2 $2 19. Qb3 Rxd2 20. Qxc3 $16)) (
16... Ne7 $142 17. Qc2 exd3 18. Qxd3 $16) 17. Qc2 exd3 18. Qxd3 Be6 19. Nd5 Bf7
(19... c6 $1 20. Nf4 Bf7) 20. h4 (20. b6 $1 $16) 20... Kh8 (20... c6 $142) 21.
b6 $1 (21. h5 $6 {Ribli} g5 22. Qxf5 $2 c6 $1 23. bxc6 bxc6 24. Nb6 Bxc4 25.
Qc2 Bxf1 $17) 21... c5 (21... Bxd5 22. bxc7 Qxc7 23. Bxd5 $18) (21... c6 22.
Nc7 Rb8 23. Rfc1 {/\ Qa3}) 22. Nc7 Rb8 23. Rfd1 $18 Qd7 (23... Nc6 $2 {Ribli}
24. Bxc6 bxc6 25. Nf3 $16) 24. Bd5 (24. Nb3 $1 Bxc4 (24... Nxb3 25. Rxb3 $18 {
/\ Ra3-a7}) (24... Nxc4 25. Nxc5 Qe7 26. Nxb7 Nxb6 (26... Nb2 27. Rxb2 Bxb2 28.
Qb5) 27. Qxd6 Qxd6 28. Nxd6) 25. Nxc5 Bxd3 (25... Qe7 26. Qxd6) 26. Nxd7 Bxb1
27. Rxb1) 24... Rbd8 25. Bxf7 (25. Nb3 Nc6 26. Bxc6 Qxc6 27. Na5 Qf3) 25...
Rxf7 26. Qd5 Nc6 27. Nb3 (27. Ne6 {Ribli} Ne7 28. Nxd8 Nxd5 29. Nxf7+ Qxf7 30.
cxd5 Qxd5 $17) 27... Qe7 $8 (27... Be5 28. Ne6 Re8 (28... Ne7 29. Nbxc5 $18)
29. Nexc5 $18) 28. Nc1 (28. Ne6 $5 {Ribli} Nb4 29. Nxd8 Nxd5 30. Nxf7+ Qxf7 31.
Rxd5 $14) 28... Rd7 29. Ne2 Qe4 $1 30. Nf4 Kh7 31. h5 (31. Qxe4 fxe4 32. Rd2 {
/\ Ra2}) 31... g5 32. Nfe6 $2 {פe6} Be5 33. Qxe4 fxe4 $10 34. Rd2 Rde7 (34...
Rf6 $2 {Ribli} 35. Nxc5 $18) 35. Ra2 Rf6 36. Ra7 Ref7 $1 (36... Rexe6 $2 37.
Nxe6 Rxe6 38. Rxb7+ $18) 37. Rxb7 $4 (37. Rf1 $2 Bxg3 $17 {->} (37... Bxg3 {
Ribli} 38. Rxb7 $13)) (37. Ra2 Re7 $10) 37... Rxe6 $1 $17 38. Ra7 Ref6 39. Ra2
(39. b7 {Ribli} Rxf2 $1) 39... Rf8 40. b7 R6f7 41. Ra8 Rb8 $1 (41... Nb4 $2 42.
Ne6 $18) 42. Rxb8 Nxb8 43. Nd5 Kg7 (43... g4 $5 {><h5}) 44. g4 $1 Kf8 45. Kf1
Ke8 46. Kg2 Kd7 47. Rb5 Rf8 48. Nb6+ Ke6 49. Nd5 (49. Nc8 $5 Rf7 $1 (49... Kd7
50. Nb6+ Kc6 51. Nd5 Nd7 52. Kg1 {/\} Rb8 53. Ne7+ Kc7 54. Nd5+ Kd8 {עd8}) 50.
Kg1 Kd7 $17) 49... Nc6 $1 50. Rb6 Kd7 51. Ra6 Rb8 52. Nb6+ Ke6 $1 53. Na4 (53.
Nd5 Nb4 (53... Ne7 $19) 54. Nxb4 cxb4 55. Rb6 Kd7 56. Rxb4 Kc6 $19) 53... Nb4
$1 54. Nxc5+ Ke7 55. Rb6 (55. Ra8 dxc5) 55... dxc5 56. Rxh6 Nd3 57. Rh7+ Kd6
0-1

[Event "SRB-chT"]
[Site "Kragujevac"]
[Date "2015.08.25"]
[Round "6.1"]
[White "Atalik, Suat"]
[Black "Miladinovic, Igor"]
[Result "1/2-1/2"]
[WhiteElo "2565"]
[BlackElo "2556"]
[Annotator "Atalik,S"]
[PlyCount "25"]
[EventDate "2015.08.20"]
[EventType "team-tourn"]
[EventRounds "11"]
[EventCountry "YUG"]
[SourceTitle "EXT 2016"]
[Source "ChessBase"]
[SourceDate "2015.10.08"]
[SourceVersion "1"]
[SourceVersionDate "2015.10.08"]
[SourceQuality "1"]
[WhiteTeam "Kraljevo Sloga Turist"]
[BlackTeam "Ruma Sloven"]
[WhiteTeamCountry "SRB"]
[BlackTeamCountry "SRB"]

1. c4 e5 2. Nc3 Nf6 3. Nf3 Nc6 4. g3 g6 5. Bg2 Bg7 6. O-O O-O 7. d3 d6 8. Rb1
a5 9. a3 Re8 10. Bg5 h6 11. Bxf6 Bxf6 12. Nd5 (12. b4 {is more played but I
guess not on the days with 3-3.}) 12... Bg7 13. b4 1/2-1/2

[Event "Biel MTO op"]
[Site "Biel"]
[Date "2006.08.02"]
[Round "9"]
[White "Weindl, Alfred"]
[Black "Atalik, Suat"]
[Result "0-1"]
[WhiteElo "2353"]
[BlackElo "2619"]
[Annotator "Atalik,S"]
[PlyCount "122"]
[EventDate "2006.07.24"]
[EventType "swiss"]
[EventRounds "11"]
[EventCountry "SUI"]
[SourceTitle "CBM 113 Extra"]
[Source "ChessBase"]
[SourceDate "2006.09.14"]
[SourceVersion "1"]
[SourceVersionDate "2006.09.14"]
[SourceQuality "1"]

1. Nf3 Nf6 2. g3 g6 3. Bg2 Bg7 4. O-O O-O 5. c4 d6 6. Nc3 Nc6 7. d3 e5 8. Rb1 {
A typical position for English Opening.A Closed Sicilian with Reverse Colors.
This usually leads to a complicated but in principal balanced game.} Re8 $5 {
One of the many alternatives.} (8... a5 9. a3 Nd4 (9... h6 10. b4 axb4 11. axb4
Be6 12. b5 Ne7)) (8... Nd4) 9. Bg5 {The most commonly used move.} (9. b4 e4 10.
dxe4 Nxe4 11. Nxe4 Rxe4 12. Nd2 Re8 13. Bb2 $11) (9. e4 Bg4 10. h3 Bxf3 11.
Qxf3 Nd4 12. Qd1 c6 13. f4 exf4 14. gxf4 Nh5 15. Kh2 f5 $132) 9... h6 10. Bxf6
Bxf6 11. b4 a6 (11... Nd4 $6 12. Nxd4 (12. b5 $6 Ne6 13. Nd5 Bg7 14. Nd2) 12...
exd4 13. Nd5 Bg7 (13... c6 14. Nxf6+ Qxf6 15. b5 c5 16. Qd2 $16) 14. b5 Bd7 15.
Nb4 Qc8 16. Re1 $16) 12. a4 Bg7 (12... a5 $6 13. b5 Nb4 {does not work this
time.} 14. Nd5 c6 (14... Nxd5 15. cxd5 e4 16. dxe4 Rxe4 17. Nd2 Rb4 18. Qc2 $16
) 15. Nxb4 axb4 16. bxc6 (16. Rxb4 Qa5) 16... bxc6 17. Rxb4 Qa5 18. Qb3 $16)
13. b5 axb5 14. axb5 Ne7 15. Qb3 $1 (15. Nd2 $2 e4 $1 {is a very well known
trick and I assume once Rafik has fallen in it.}) 15... c6 16. bxc6 (16. Ra1
Rxa1 17. Rxa1 Be6) 16... bxc6 17. Qb6 d5 {My game plan was to occupy the
center by the pawns and press him on e2.} (17... Ra3 18. Ne4 f5 19. Ned2 $13 {
I could not see any real follow up after this.}) 18. cxd5 cxd5 19. Qxd8 (19. e4
d4 (19... Ba6 20. Rfd1) 20. Qxd8 Rxd8 21. Ne2 Ra3 22. Rfd1 Be6 $15) 19... Rxd8
20. Rfc1 Be6 21. Nb5 Ra2 22. Nc3 Ra5 23. Nd2 Ra3 $1 24. Rb7 $2 {This is simply
bad.} (24. Nb5 Ra2 25. Nb3 d4 (25... Rxe2 $4 26. Nc3 $18) 26. Nc5 $1 Rxe2 27.
Nxe6 fxe6 28. Nc7 Rd6 (28... Rf8 29. f3 Rd2 30. Nxe6 $11) (28... Rc8 29. Nxe6
Rxc1+ 30. Rxc1 $11) (28... Kf7 29. Rb6 Rc8 30. Bb7) 29. Rb7 Kf7 30. Be4 $44)
24... Bf6 $1 {Bg5 is an annoying idea.} 25. Ncb1 (25. Nb3 $2 Rc8 $19) 25... Ra2
26. e3 Nf5 27. Nb3 d4 28. e4 Nd6 29. Rb6 Rb2 $1 $19 (29... Bg5 $2 30. Rcc6 Nc8
31. Rb7 $17 {holds.}) 30. N1d2 Bg5 31. Rb1 $6 {He unexpectingly goes for 2
pieces against a rook ending.} (31. f4 $142 exf4 32. h4 Be7 (32... f3 $2 33.
hxg5 fxg2 34. gxh6 $15) 33. gxf4 Bxh4 $19) 31... Rxd2 32. Nxd2 Bxd2 33. Rb8
Rxb8 34. Rxb8+ Kg7 35. Rb6 Nc8 36. Rb5 Kf6 37. h4 (37. Kf1 g5 38. Ke2 Bc3 $19 {
should win.}) 37... Nd6 38. Rb6 Ke7 39. Kf1 Bg4 $1 {Cutting the king and
inviting white to weaken e3 square.} 40. f3 Bd7 41. Ke2 Be3 42. Bf1 h5 {
Going for f6 and g5.} (42... Nb5 43. Ke1 Nc3 44. Rb7 Kd6 45. Be2 Be6 46. Ra7 (
46. Bd1 $2 Nxd1 47. Kxd1 Bf2 $19)) 43. Ke1 f6 44. Be2 Be8 {I have changed the
side of the attack.} (44... g5 45. Rb8 (45. hxg5 fxg5 46. g4 h4) 45... gxh4 46.
gxh4 Bf4 47. Kf2 f5 48. Bf1 Be3+ 49. Ke1) 45. Bd1 Bb5 46. Bc2 $2 {The bishop
does not belong to this diagonal.} (46. Ke2 $2 f5 47. exf5 (47. Bb3 fxe4 48.
fxe4 Nxe4 49. Rxg6 Nc5 $19) 47... gxf5 $19) (46. Be2 $1 f5 47. f4 Bd7 (47...
Ke6 48. exf5+ gxf5 49. fxe5 Kxe5 50. Rb8 Be8 51. Ra8 f4 52. Ra5+ Bb5 53. gxf4+
Kxf4 54. Bxh5 Bxd3 $19) 48. fxe5 Nf7 49. Rxg6 Nxe5 50. Rg8 fxe4 51. dxe4 Bg4
52. Bxg4 hxg4 53. Ke2 Bh6 54. Rb8 d3+ 55. Kd1 Nc4 $19) 46... f5 $1 (46... g5
47. Rb8 gxh4 48. gxh4 Bf4 49. Kf2 Be8 50. Bb3 $132) 47. Rb8 $2 {Basically
gives up without real fight.} (47. f4 $8 Bd7 (47... exf4 $2 48. e5 fxg3 49. Kf1
Bd7 50. exd6+ Ke6 51. Kg2 f4 52. Bd1) 48. fxe5 Nf7 49. Rxg6 Nxe5 50. Ra6 fxe4
51. dxe4 Nf3+ 52. Kd1 Bg4 $19) 47... f4 $19 48. gxf4 Bxf4 49. Kf2 g5 50. hxg5
Bxg5 51. f4 Bxf4 52. Rh8 Be8 53. Bd1 Bg6 $1 {Simple!White can win h5 pawn only
at the cost of a piece.} 54. Kg2 (54. Bxh5 {loses easily.} Nf7 55. Bxg6 Nxh8
56. Bh5 Kf6 57. Bd1 Kg5 58. Bb3 Ng6 59. Bc4 Be3+ 60. Ke2 Kg4 61. Be6+ Kg3 62.
Bc4 Nf4+ 63. Kd1 Kf3 64. Bb5 Ng2 65. Ba6 Bh6 66. Bb5 Ke3 67. Ba6 Bf4 68. Bb5
Bg3 69. Bc4 Ne1 $19) 54... Nf7 55. Rg8 Kf6 56. Kh3 Bd2 57. Kg2 Ng5 58. Bb3 h4
59. Rh8 h3+ 60. Kh1 Bf4 61. Bd5 h2 0-1

[Event "Noyabrsk Fakel Jamala"]
[Site "Noyabrsk"]
[Date "2003.11.22"]
[Round "5"]
[White "Miroshnichenko, Evgenij"]
[Black "Kuznetsov, Viktor2"]
[Result "1-0"]
[WhiteElo "2571"]
[BlackElo "2367"]
[Annotator "Atlas,V"]
[PlyCount "105"]
[EventDate "2003.11.18"]
[EventType "tourn"]
[EventRounds "11"]
[EventCountry "RUS"]
[EventCategory "10"]
[SourceTitle "CBM 099"]
[Source "ChessBase"]
[SourceDate "2004.03.30"]
[SourceVersion "1"]
[SourceVersionDate "2004.03.30"]
[SourceQuality "1"]

1. Nf3 Nf6 2. c4 g6 3. Nc3 Bg7 4. g3 O-O 5. Bg2 d6 6. O-O Nc6 7. Rb1 a5 8. d3
e5 9. a3 Bg4 10. b4 axb4 11. axb4 Qd7 12. Bg5 h6 13. Bxf6 Bxf6 14. Nd2 Bg7 15.
b5 Nd8 16. Nd5 Be6 17. Qc2 f5 18. c5 Qf7 19. Nb4 d5 20. f4 e4 21. e3 Ra5 22. d4
Rxb5 23. Qa4 Bd7 24. Qa2 b6 25. cxb6 cxb6 26. Rfc1 Ra5 27. Qc2 g5 28. Nb3 Ra4
29. Qd2 Bb5 30. Ra1 Rxa1 31. Rxa1 Bc4 32. Qb2 Ne6 33. Nd2 gxf4 34. gxf4 b5 35.
Kh1 Nc5 36. Rg1 Na4 37. Qc1 Kh8 38. Nf1 Rc8 (38... h5 {deserved attention here.
}) 39. Ng3 Bf8 40. Qd2 Qe7 (40... Bb3 {was to be preferred.}) 41. Rb1 Qf6 42.
Bh3 {[%csl Rf5,Gg3,Gh3] Winning the f5-pawn, White obtains dangerous
counterplay.} Rc7 43. Nxf5 Qf7 44. Rg1 Qh5 45. Bg4 Qe8 46. Qe1 Qd8 47. Bh5 Qd7
48. Qg3 Qe6 49. Na6 Rb7 50. Nc5 Nxc5 51. dxc5 Bxc5 {[%tqu "En","All White's
pieces are superbly placed. How would you continue White's attack?","Use the
power of your batter on the g-file.","Sacrifice your knight!","f5h6","This is
it - very simple and very effective tactics.",4]} 52. Nxh6 $1 {[%csl Gg1,Gg3,
Rg8,Rh8][%cal Gg1g8] This powerful blow crowns White's attack.} Kh7 ({The
knight is invulnerable:} 52... Qxh6 53. Qg8#) 53. Nf7 {Threatening 54.Qg8# and
54.Qg7#.} (53. Nf7 {, and Black resigned in view of inevitable mate:} Rxf7 54.
Qg8+ Kh6 55. Bxf7 {, with mate in three.}) 1-0

[Event "Bundesliga 0304"]
[Site "Germany"]
[Date "2004.03.07"]
[Round "11.4"]
[White "Wahls, Matthias"]
[Black "Siebrecht, Sebastian"]
[Result "1-0"]
[WhiteElo "2546"]
[BlackElo "2435"]
[Annotator "Atlas,V"]
[PlyCount "47"]
[EventDate "2003.11.01"]
[EventType "team-tourn"]
[EventRounds "15"]
[EventCountry "GER"]
[SourceTitle "CBM 100"]
[Source "ChessBase"]
[SourceDate "2004.06.01"]
[SourceVersion "1"]
[SourceVersionDate "2004.06.01"]
[SourceQuality "1"]
[WhiteTeam "Hamburger SK"]
[BlackTeam "Katernberg"]
[WhiteTeamCountry "GER"]
[BlackTeamCountry "GER"]

1. c4 g6 2. Nc3 Bg7 3. g3 e5 4. Bg2 Nc6 5. d3 d6 6. e4 Nd4 7. Nge2 Bg4 8. h3
Bf3 9. Bxf3 Nxf3+ 10. Kf1 c6 11. Kg2 Nd4 12. Nxd4 exd4 13. Ne2 a5 14. Bf4 Ne7
15. Qd2 h6 16. g4 Qd7 17. a3 a4 18. Rab1 f5 19. exf5 gxf5 20. Ng3 fxg4 21. hxg4
Qxg4 22. Rbe1 O-O $2 ({A big mistake, ruthlessly punished by White. Ein
schwerer Fehler, der von Weiß erbarmungslos bestraft wird.} 22... Kd7 {is
impressively refuted by findet die sehenswerte Widerlegung} 23. Qb4 $1 {
, winning immediately. mit sofortigem Gewinn.}) ({Correct was Korrekt war} 
22... Rd8 {(22...Qd7!?), retaining good counterchances. (22...Qd7!?) mit guten
Gegenchancen.}) 23. Rxe7 $1 Rxf4 {[%tqu "En","How can White use the energy of
his active pieces?","Watch out for geometrical motifs!","Use your e7-rook for
a decisive strike.","e7g7","This powerful strike breaks Black's defense.",5,
"De","Wie kann Weiß die Energie seiner aktiven Figuren nutzen?","Achten Sie
auf geometrische Motive!","Versetzen Sie mit Ihrem Turm e7 den entscheidenden
Schlag.","e7g7","Dieser Kraftzug durchbricht die schwarze Verteidigung.",5]}
24. Rxg7+ $1 {[%csl Gd2,Rf4,Gg3,Rg4,Gg7,Rg8][%cal Gg3h5] This efficient rook
move wins a piece and the game.} ({Black resigned in view of the line:} 24.
Rxg7+ Kxg7 (24... Qxg7 25. Qxf4) 25. Qxf4 $1 Qxf4 26. Nh5+) 1-0

[Event "POL-ch 59th"]
[Site "Warsaw"]
[Date "2002.05.07"]
[Round "8"]
[White "Lagowski, Patryk"]
[Black "Tomczak, Rafal"]
[Result "1-0"]
[WhiteElo "2321"]
[BlackElo "2384"]
[Annotator "Atlas,V"]
[PlyCount "49"]
[EventDate "2002.04.29"]
[EventType "tourn"]
[EventRounds "13"]
[EventCountry "POL"]
[EventCategory "10"]
[SourceTitle "CBM 089"]
[Source "ChessBase"]
[SourceDate "2002.08.12"]
[SourceVersion "1"]
[SourceVersionDate "2002.08.12"]
[SourceQuality "1"]

1. c4 e5 2. Nc3 Nc6 3. g3 g6 4. Bg2 Bg7 5. Nf3 d6 6. O-O f5 7. d3 Nge7 8. Bd2
O-O 9. Rb1 a5 10. a3 h6 11. b4 axb4 12. axb4 Be6 13. b5 Nb8 14. Ne1 c6 15. Nc2
Nd7 16. Nb4 Qc7 17. Qc2 Nb6 18. bxc6 bxc6 {[%tqu "En","How should White
continue?","Exploit a shaky position of the b6-knight.","Try to get access to
the d5-sqaure!","b4c6","This impressive move yields White a large advantage.",
5]} 19. Nxc6 $1 {[%csl Rb6,Rc7,Re6][%cal Gg2c6,Gc3d5] An efficient blow! Now
White has good winning chances.} Nxc6 20. Nd5 $1 Nxd5 (20... Bxd5 21. cxd5 $16)
21. cxd5 Bf7 (21... Bd7 $2 22. dxc6 Rac8 $2 {fails to} 23. Qa2+) 22. dxc6 Rfb8
$1 23. Rb7 Ra2 24. Qb1 Rxb7 25. cxb7 1-0